000 01011nam a2200265 i 4500
001 105507
003 ES-MaACL
005 20240222150537.0
007 t|
008 060720s1962 fr ||||1| fre d
080 _a929 Tresso, Pietro
100 1 _aAzzaroni, Alfredo.
_924387
245 1 0 _aBlasco
_b: la vie de Pietro Tresso /
_cAlfredo Azzaroni ; préface de Ignazio Silone ; documents et lettres, avant-propos de Pierre Naville.
300 _a214 p. ;
_c22 cm.
500 _aBiblioteca Juan Andrade.
500 _aNúmero especial del "Bulletin de la Commission pour la Verité sur les Crimes de Staline", junio 1965.
600 1 4 _aTresso, Pietro.
_9111331
600 1 4 _aStalin, Iosif Vissarionovich,
_d1879-1953
_9107862
610 2 7 _aPartito comunista italiano.
_96163
700 1 _aSilone, Ignazio.
_9106355
700 1 _aNaville, Pierre.
_985234
710 2 _aCommission pour la Verité sur les Crimes de Staline.
_93106
852 _aES-MaACL
_jAND-319
_bR.109624
999 _c105507
_d105507